| 000 | 00548nam a2200181 a 4500 | ||
|---|---|---|---|
| 005 | 20140412111233.0 | ||
| 008 | 010530s19uu xx 00 eng d | ||
| 020 | _a1-57082-522-X | ||
| 050 |
_aER _bHe34bu 1997 |
||
| 100 | _aBazaldua, Barbara | ||
| 245 |
_aHercules: a budding romance / _cwritten by Barbara Bazaldua; illustrated by DiCicco Digital Arts. |
||
| 260 |
_a[s.l.] : _bA Dazzling Jewels Book, _c1997. |
||
| 300 | _a1v. (unp.) ; ill. | ||
| 440 | _aDisney's | ||
| 650 | _aAdventures | ||
| 650 | _aChildren's stories | ||
| 999 |
_c102298 _d102298 |
||